| 000 | 01358nam a2200337 c 4500 | ||
|---|---|---|---|
| 003 | BLK | ||
| 005 | 20250417135637.0 | ||
| 008 | 180409b bul|||||r ||||||| ||bul|| | ||
| 010 | _aKNG00115149000 | ||
| 040 | _aBLK | ||
| 041 |
_aBUL _cBUL |
||
| 080 |
_aАмериканска литература (на САЩ) _b821.111(73) _x-31 _z821.111(73)-31 |
||
| 100 | 1 |
_aСтийл, Даниел _eпърви автор _9363685 |
|
| 700 | 1 |
_aКутева, Диана Янакиева _d1955 - _985939 |
|
| 700 | 1 |
_aСтойчев, Стамен Димов _eпрев. от англ. _9364706 |
|
| 139 |
_aСтийл, Даниел _bС 76 |
||
| 245 | 1 | 0 |
_aБелезите на времето _bРоман _cДаниел Стийл; прев. от англ. Диана Янакиева Кутева; прев. от англ. Стамен Димов Стойчев. |
| 257 | _aUSA | ||
| 260 |
_аСофия _bБард _c2004 |
||
| 300 |
_a351 с. _c20 см |
||
| 380 | _aX | ||
| 490 | 1 | _aСъвременни романи | |
| 500 | _aОриг. загл. Safe Harbour / Danielle Steel. | ||
| 653 | _aромани | ||
| 852 | _aЦб 220933 | ||
| 856 | 4 |
_qpdf _u |
|
| 856 | 4 |
_qpdf _u |
|
| 942 |
_cKNG _n0 _0130 |
||
| 944 |
_aCR _c28.09.2004 _lЦветомила Тодорова _k30576 |
||
| 944 |
_aED _c04.02.2016 _lф / _kЛюдмила_Стоянова |
||
| 999 |
_c109828 _d109828 |
||